Physics (Record no. 2939)
[ view plain ]
| 005 - DATE AND TIME OF LATEST TRANSACTION | |
|---|---|
| control field | 20250623085200.0 |
| 020 ## - INTERNATIONAL STANDARD BOOK NUMBER | |
| International Standard Book Number | 9971-51-370-6 |
| 082 ## - DEWEY DECIMAL CLASSIFICATION NUMBER | |
| Classification number | LM 530 RES |
| 100 ## - MAIN ENTRY--PERSONAL NAME | |
| Author name | RESNICK, R. |
| 245 ## - TITLE STATEMENT | |
| Title | Physics |
| 300 ## - PHYSICAL DESCRIPTION | |
| Extent | xiv, 604p.: figure, picture, table, |
| Other physical details | Index |
| Dimensions | 28cm. |
| 700 ## - ADDED ENTRY--PERSONAL NAME | |
| Other authors/Editors | HALLIDAY, D. & KRANE, K. S. |
| 942 ## - ADDED ENTRY ELEMENTS (KOHA) | |
| Source of classification or shelving scheme | Dewey Decimal Classification |
| Koha item type | Books |
| Date last seen | Total checkouts | Full call number | Barcode | Cost, replacement price | Price effective from | Koha item type | Lost status | Source of classification or shelving scheme | Damaged status | Not for loan | Withdrawn status | Home library | Current library | Shelving location | Date acquired | Cost, normal purchase price |
|---|---|---|---|---|---|---|---|---|---|---|---|---|---|---|---|---|
| 05/31/2025 | LM 530 RES | 0000008255 | 135529.20 | 05/31/2025 | Books | Dewey Decimal Classification | College of Business Education Main Library | College of Business Education Main Library | Special Reserve Collection | 02/26/2009 | 45176.40 |
